Library Logo

Pioneer International University Library Catalogue

The nature of light & colour in the open air (Record no. 1097)

MARC details
000 -LEADER
fixed length control field 00293nam a22000977a 4500
005 - DATE AND TIME OF LATEST TRANSACTION
control field 20250901165244.0
008 - FIXED-LENGTH DATA ELEMENTS--GENERAL INFORMATION
fixed length control field 210301b ||||| |||| 00| 0 eng d
050 ## - LIBRARY OF CONGRESS CALL NUMBER
Classification number QC975 .M56
245 ## - TITLE STATEMENT
Title The nature of light & colour in the open air
Statement of responsibility, etc. MINNAERT, M.
942 ## - ADDED ENTRY ELEMENTS (KOHA)
Source of classification or shelving scheme Library of Congress Classification
Classification part QC975 .M56 1954
Holdings
Withdrawn status Lost status Source of classification or shelving scheme Damaged status Not for loan Home library Current library Shelving location Date acquired Total checkouts Full call number Barcode Date last seen Price effective from Koha item type
    Library of Congress Classification     Main Library Main Library   03/01/2021   QC975 .M56 1954 PIU0190692 03/01/2021 03/01/2021 Books
    Library of Congress Classification     Main Library Main Library   03/01/2021   QC975 .M56 1954 PIU0190691 03/01/2021 03/01/2021 Books